Alterations and refurbishment price book (Record no. 116260)

MARC details
000 -LEADER
fixed length control field 01324cam a22002655a 4500
001 - CONTROL NUMBER
control field L160175
008 - FIXED-LENGTH DATA ELEMENTS--GENERAL INFORMATION
fixed length control field 181010s2018 xxk f 001 0 eng d
020 ## - INTERNATIONAL STANDARD BOOK NUMBER
ISBN 9781783213184
035 ## - SYSTEM CONTROL NUMBER
System control number (Sirsi) u160175
041 0# - LANGUAGE CODE
Language code of text/sound track or separate title eng
050 04 - Library of Congress Classification
Class mark 692.5 $2 18
110 2# - MAIN ENTRY--CORPORATE NAME
Corporate author Building Cost Information Service
245 00 - TITLE STATEMENT
Title Alterations and refurbishment price book
Subtitle Maintenance and operating costs
-- 2019
250 ## - EDITION
Edition statement 24th ed.
260 ## - PUBLICATION INFORMATION
Place of publication Poole
Publisher BCIS
Date 2018
300 ## - PHYSICAL DESCRIPTION
Physical description 1
Dimensions 30 cm.
520 ## - ABSTRACT
Abstract Focuses on small to medium sized projects, generally working within an existing building and reflecting the increase in costs brought about the reduction in output, smaller discounts, increased carriage, increased supervision, and less productivity brought about by smaller economies of scale, increased production costs, more difficult access and the possibility of working in occupied premises. New items for 2017 minor repair and replacements to sanitary ware, minor repair and replacements to plumbing installations and an expanded range of floor finishes items and waterproof membranes items.
520 ## - ABSTRACT
Abstract Supersedes 23nd ed 9781783212019
521 ## - TARGET AUDIENCE NOTE
Target audience note Advanced
590 ## - LOCAL NOTE (RLIN)
Local note KA
651 #4 - SUBJECT ADDED ENTRY--GEOGRAPHIC NAME
Geographic name United Kingdom
690 ## - BROAD SUBJECT
Broad subject BUILT ENVIRONMENT-BUILDING COSTS
690 ## - BROAD SUBJECT
Broad subject Quantity surveying
9 (RLIN) 6263
942 ## - ADDED ENTRY ELEMENTS (KOHA)
Suppress in OPAC Do not suppress in OPAC
Holdings
Lost status Source of classification or shelving scheme Damaged status Not for loan Home library Current library Shelving location Date acquired Total Checkouts Full call number Barcode Date last seen Copy number Price effective from Koha item type
  Dewey Decimal Classification     London London Archive copy 10/10/2018   RICS 2018/7 30079711 06/08/2019 1 06/08/2019 Book
  Dewey Decimal Classification     London London Basement 10/10/2018   BASEMENT 30079710 06/08/2019 1 06/08/2019 Book